Cole Palmer Trivia - Statistics

General Stats
  • This quiz has been taken 373 times
  • The average score is 8 of 15
Answer Stats
Question Answer % Correct
What is Palmer's nickname? Cold Palmer
93%
What is Palmer's preferred chips Chippy Chips
85%
What record has Palmer broken in the Premier League First player to score 4 goals in the first half of a game
80%
Why did Palmer not start a single game at Euro 2024? Southgate is a prat
79%
AM and PM Wot?
70%
How much Chelsea pay for him? (£s) £40m
61%
What number is he at Chelsea? 20
60%
Who does Palmer support? Manchester United
56%
As well as the flag of England what other flag does Palmer have emblazoned on his boots? Saint Kitts and Nevis
52%
Who did Palmer score his first hat-trick against? Manchester United
49%
How tall is Palmer? 6'2
45%
Why was he nearly released at 16? Too slight
31%
Palmer's post match meal Chinese
17%
Who did Palmer score his first goal against? Wycombe Wanderers
16%
Why does Palmer not feel pressure? His head is empty
13%
No matching quizzes found
Score Distribution
Percent of People with Each Score
Percentile by Number Answered
Your Score History
You have not taken this quiz